|
|
|
|
| LEADER |
00000cam a2200000 4500 |
| 001 |
vtls012249289 |
| 003 |
SK-MaSNL |
| 005 |
20260301032927.0 |
| 008 |
240130q2023 xo oal f n 000 0 slo |
| 015 |
|
|
|a SNBA2024/03
|
| 020 |
|
|
|a 9788080759919
|q (brožované)
|
| 040 |
|
|
|a SNK
|b slo
|c SNK
|e rda
|
| 041 |
0 |
|
|a slo
|
| 044 |
|
|
|a xo
|c SK
|
| 072 |
|
7 |
|a 004.4/.6
|x Programovanie. Softvér
|2 konspekt
|
| 072 |
|
7 |
|a 531
|x Všeobecná mechanika. Mechanika pevných a tuhých telies
|2 konspekt
|
| 080 |
|
|
|a 004.42
|2 2011
|
| 080 |
|
|
|a 531/534
|2 2011
|
| 080 |
|
|
|a 004.43
|2 2011
|
| 080 |
|
|
|a (048.8)
|2 2011
|
| 100 |
1 |
|
|a Vavro, Ján,
|d 1982-
|4 aut
|4 bjd
|9 210919
|
| 245 |
1 |
0 |
|a Počítačová analýza a syntéza sústav telies
|c Ján Vavro
|
| 250 |
|
|
|a Vydanie I.
|
| 264 |
|
1 |
|a V Púchove
|b Trenčianska univerzita Alexandra Dubčeka v Trenčíne, Fakulta priemyselných technológií v Púchove
|c [2023]
|
| 300 |
|
|
|a 136 strán
|b fotografie (prevažne farebné), grafy, ilustrácie (prevažne farebné), tabuľky
|c 26 cm
|
| 336 |
|
|
|a text
|b txt
|2 rdacontent
|
| 336 |
|
|
|a statický obraz
|b sti
|2 rdacontent
|
| 337 |
|
|
|a bez média
|b n
|2 rdamedia
|
| 338 |
|
|
|a zväzok
|b nc
|2 rdacarrier
|
| 366 |
|
|
|e 100 kusov
|
| 500 |
|
|
|a Rok vydania podľa NA ISBN
|
| 500 |
|
|
|a Obsahuje profesijné údaje o autorovi na zadnej strane obálky publikácie
|
| 504 |
|
|
|a Obsahuje bibliografiu na strane 132-136
|
| 650 |
0 |
7 |
|a počítačové programy
|2 SNKPH
|9 1222
|
| 650 |
0 |
7 |
|a mechanika
|2 SNKPH
|9 706
|
| 650 |
0 |
7 |
|a Computer programs
|2 SNKPHeng
|9 329819
|
| 650 |
0 |
7 |
|a Mechanics
|2 SNKPHeng
|9 276183
|
| 650 |
0 |
7 |
|a programovacie jazyky
|2 SNKPH
|9 1838
|
| 650 |
0 |
7 |
|a Programming languages
|2 SNKPHeng
|9 313012
|
| 655 |
|
7 |
|a monografie
|2 SNKPH
|9 70139
|
| 655 |
|
7 |
|a Monographs
|2 SNKPHeng
|9 120675
|
| 752 |
|
|
|a Slovensko
|d Púchov
|
| 852 |
|
|
|a Slovenská národná knižnica
|
| 919 |
|
|
|a 978-80-8075-991-9
|
| 954 |
|
|
|a odborná, vedecká literatúra pôvodná (slovenská)
|2 lita
|
| 958 |
|
|
|a NB
|
| 999 |
|
|
|c 579213
|d 581143
|
| 952 |
|
|
|a SNK
|b SNK
|y PREZ
|7 0
|p 17A1544149
|o snkSB 99969
|i snk2024/1701
|8 0
|0 0
|1 0
|4 0
|d 2024-01-30
|f 1
|l 0
|r 2025-05-19 00:00:00
|w 2026-02-23
|